Sports Quiz

Random Sports or Football Quiz

Capped Arsenal Players Quiz Stats

 Plays Quiz not verified by Sporcle

Score 0/10 Timer 06:00
0 Plays Today
Appearances Player % Correct
722David O'Leary
93.1%
669Tony Adams
89.7%
564David Seaman
41.4%
619Lee Dixon
34.5%
584Nigel Winterburn
34.5%
528Pat Rice
27.6%
621George Armstrong
24.1%
501Peter Storey
6.9%
481John Radford
6.9%
477Peter Simpson
6.9%

You're not logged in!

Compare scores with friends on all Sporcle quizzes.
OR
Log In

Sporcle TV

Today on Sporcle TV


Watch our educational content, quiz creation guides, and fun videos on Sporcle TV.

Show Comments

Extras

Top Quizzes Today


Score Distribution

Your Account Isn't Verified!

In order to create a playlist on Sporcle, you need to verify the email address you used during registration. Go to your Sporcle Settings to finish the process.

Report this User

Report this user for behavior that violates our Community Guidelines.

Details: